La educación del niño deficiente mental: manual para padres y educadores
محفوظ في:
| المؤلف الرئيسي: | |
|---|---|
| التنسيق: | كتاب |
| اللغة: | الإسبانية |
| منشور في: |
Madrid
Cincel
1979
|
| سلاسل: | Aprendizaje y Reeducación, 3
|
| الموضوعات: | |
| الوسوم: |
إضافة وسم
لا توجد وسوم, كن أول من يضع وسما على هذه التسجيلة!
|
MARC
| LEADER | 00000nam a2200000 a 4500 | ||
|---|---|---|---|
| 001 | UCL0854 | ||
| 003 | CL-VaPUC | ||
| 008 | 030825e19790000SP |||||||||||||||||spa|d | ||
| 020 | |a 8470461249 | ||
| 082 | 0 | 4 | |a 371.92 |b JOH |2 21 |
| 100 | 0 | |a Johnson, Margaret Anne |e author |9 477575 | |
| 245 | 1 | 3 | |a La educación del niño deficiente mental: manual para padres y educadores |
| 300 | |a 163 p | ||
| 942 | |c BK | ||
| 945 | |d 20030825 00:00:00 |a cmena | ||
| 260 | |a Madrid |b Cincel |c 1979 | ||
| 650 | 0 | |a Educación especial |9 307486 | |
| 650 | 0 | |a Niños |9 255605 | |
| 650 | 0 | |a Minusválidos mentales |9 311830 | |
| 650 | 0 | |a Métodos de enseñanza |9 270413 | |
| 583 | |a last modification |c 20030825 00:00:00 |k Rodrigo Vera | ||
| 490 | 0 | |a Aprendizaje y Reeducación, 3 | |
| 999 | |c 304580 |d 304578 | ||
| 952 | |0 0 |1 0 |4 0 |6 371_920000000000000_JOH_1979 |7 0 |8 A |9 367025 |a BIBEDU |b BIBEDU |d 2019-11-21 |i 393263K |o 371.92 JOH 1979 |p 393263K |r 2019-11-21 |w 2019-11-21 |y BK |k EPE | ||